| Tag |
First Indicator |
Second Indicator |
Subfields |
| LEADER |
00000cam a22000005i 4500 |
| 001 |
in00003729708 |
| 005 |
20210728125726.0 |
| 006 |
m o d |
| 007 |
cr nn 008mamaa |
| 008 |
151106s2011 xxk| o |||| 0|eng d |
| 020 |
|
|
|a 9780230321366
|9 978-0-230-32136-6
|
| 024 |
7 |
|
|a 10.1057/9780230321366
|2 doi
|
| 035 |
|
|
|a (DE-He213)978-0-230-32136-6
|
| 035 |
|
|
|a 5307117
|
| 040 |
|
|
|d UtOrBLW
|
| 050 |
|
4 |
|a GE195
|
| 072 |
|
7 |
|a JHB
|2 bicssc
|
| 072 |
|
7 |
|a RN
|2 bicssc
|
| 072 |
|
7 |
|a SCI026000
|2 bisacsh
|
| 072 |
|
7 |
|a SOC026000
|2 bisacsh
|
| 082 |
0 |
4 |
|a 333.7
|2 23
|
| 245 |
0 |
0 |
|a Human and Other Animals :
|b Critical Perspectives /
|c edited by Bob Carter, Nickie Charles.
|
| 264 |
|
1 |
|a London :
|b Palgrave Macmillan UK :
|b Imprint: Palgrave Macmillan,
|c 2011.
|
| 300 |
|
|
|a 1 online resource (XII, 249 pages)
|
| 336 |
|
|
|a text
|b txt
|2 rdacontent
|
| 337 |
|
|
|a computer
|b c
|2 rdamedia
|
| 338 |
|
|
|a online resource
|b cr
|2 rdacarrier
|
| 347 |
|
|
|a text file
|b PDF
|2 rda
|
| 500 |
|
|
|a Electronic resource.
|
| 520 |
|
|
|a This collection examines human-animal relations and the different ways in which they can be understood, exploring animal rights and animal welfare; whether and under what circumstances animals are regarded as social actors with agency; media representations of human-animal relations; and the relation between animals and national identity.
|
| 650 |
1 |
4 |
|a Social Sciences.
|
| 650 |
2 |
4 |
|a Comparative Psychology.
|
| 650 |
2 |
4 |
|a Environmental Sociology.
|
| 650 |
2 |
4 |
|a Gender Studies.
|
| 650 |
2 |
4 |
|a Popular Science in Nature and Environment.
|
| 650 |
2 |
4 |
|a Social Theory.
|
| 650 |
2 |
4 |
|a Sociology, general.
|
| 650 |
|
0 |
|a Adaptation (Biology)
|0 http://id.loc.gov/authorities/subjects/sh85000800
|
| 650 |
|
0 |
|a Ecology.
|0 http://id.loc.gov/authorities/subjects/sh85040752
|
| 650 |
|
0 |
|a Environmental sociology.
|0 http://id.loc.gov/authorities/subjects/sh2009010555
|
| 650 |
|
0 |
|a Euthenics.
|0 http://id.loc.gov/authorities/subjects/sh85045912
|
| 650 |
|
0 |
|a Gender expression.
|0 http://id.loc.gov/authorities/subjects/sh2011002609
|
| 650 |
|
0 |
|a Gender identity.
|0 http://id.loc.gov/authorities/subjects/sh91003756
|
| 650 |
|
0 |
|a Nature and nurture.
|0 http://id.loc.gov/authorities/subjects/sh85090282
|
| 650 |
|
0 |
|a Nature.
|0 http://id.loc.gov/authorities/subjects/sh85090277
|
| 650 |
|
0 |
|a Psychology, Comparative.
|0 http://id.loc.gov/authorities/subjects/sh85108473
|
| 650 |
|
0 |
|a Sex (Psychology)
|0 http://id.loc.gov/authorities/subjects/sh85120562
|
| 650 |
|
0 |
|a Social sciences
|x Philosophy.
|0 http://id.loc.gov/authorities/subjects/sh85124013
|
| 650 |
|
0 |
|a Social sciences.
|0 http://id.loc.gov/authorities/subjects/sh85124003
|
| 650 |
|
0 |
|a Sociology.
|0 http://id.loc.gov/authorities/subjects/sh85124200
|
| 655 |
|
7 |
|a Electronic books.
|2 local
|
| 700 |
1 |
|
|a Carter, Bob,
|e editor.
|0 http://id.loc.gov/authorities/names/n78097719
|
| 700 |
1 |
|
|a Charles, Nickie,
|e editor.
|0 http://id.loc.gov/authorities/names/n88005520
|
| 710 |
2 |
|
|a SpringerLink (Online service)
|0 http://id.loc.gov/authorities/names/no2005046756
|
| 773 |
0 |
|
|t Springer eBooks
|
| 776 |
1 |
8 |
|i Printed edition:
|z 9781349319695
|
| 856 |
4 |
0 |
|u http://proxy.library.tamu.edu/login?url=https://dx.doi.org/10.1057/9780230321366
|z Connect to the full text of this electronic book
|t 0
|
| 999 |
f |
f |
|s e2109dfc-dd2a-37b5-ad6a-e61f99c0128f
|i 480a3454-9f12-3213-bf56-0cfabdb32865
|t 0
|
| 952 |
f |
f |
|a Texas A&M University
|b College Station
|c Electronic Resources
|d Available Online
|t 0
|e GE195
|h Library of Congress classification
|
| 998 |
f |
f |
|a GE195
|t 0
|l Available Online
|